Introduction to Probability and Statistics Principles and Applications for Engineering and the Computing Sciences

Uložené v:
Podrobná bibliografia
Hlavný autor: Milton, J.S
Ďalší autori: Arnold, Jesse C.
Médium: Kniha
Jazyk:English
Vydavateľské údaje: New York MacGraw-Hill Publ. Co. 1990
Vydanie:2. ed.
Predmet:
Tagy: Pridať tag
Žiadne tagy, Buďte prvý, kto otaguje tento záznam!

MARC

LEADER 00000nam a2200000 4500
001 c005111
005 20221206122959.0
020 |a 0-07-042353-9 
041 0 |a eng 
044 |a US 
245 1 0 |a Introduction to Probability and Statistics  |b Principles and Applications for Engineering and the Computing Sciences  |c J.S. Milton, Jesse C. Arnold 
250 |a 2. ed. 
264 1 |a New York  |b MacGraw-Hill Publ. Co.  |c 1990 
300 |a 700 s. 
610 2 0 |a metódy matematické 
610 2 0 |a pravdepodobnosť 
610 2 0 |a štatistika 
610 2 0 |a spracovanie dát automatické 
610 2 0 |a odhad štatistický 
100 1 |a Milton, J.S. 
700 1 |a Arnold, Jesse C.